[Event "2016 British Chess Championships"]
[Site "Bournemouth Pavilions, Bournem"]
[Date "2016.08.02"]
[Round "8.42"]
[White "Varney, Zoe"]
[Black "Keely, Leo A"]
[Result "0-1"]
[WhiteElo "1818"]
[BlackElo "1938"]
[PlyCount "92"]
[EventDate "2016.07.25"]

1. e4 d5 2. exd5 Nf6 3. c4 c6 4. Nc3 cxd5 5. cxd5 Nxd5 6. Nf3 e6 7. d4 Be7 8.
Bc4 O-O 9. Bxd5 exd5 10. Qb3 Nc6 11. Nxd5 Be6 12. Nxe7+ Qxe7 13. Qe3 Nb4 14.
Qe4 Qd7 15. O-O Bf5 16. Qf4 Nc2 17. Nh4 Bg6 18. Be3 Nxa1 19. Rxa1 Rfe8 20. Nxg6
hxg6 21. h3 Rac8 22. Qf3 Rc2 23. b3 b6 24. Qd1 Qf5 25. g4 Qe4 26. Bg5 Qe2 27.
Qxe2 Rexe2 28. d5 Kf8 29. d6 Ke8 30. Rd1 Kd7 31. f3 f6 32. Bf4 g5 33. Bc1 Rxa2
34. f4 Rg2+ 35. Kh1 gxf4 36. Bxf4 g5 37. Bc1 Rh2+ 38. Kg1 Rxh3 39. b4 Rg3+ 40.
Kf1 Rxg4 41. Be3 Rg3 42. Bd4 Rf3+ 43. Ke1 g4 44. b5 g3 45. Bg1 g2 46. Rd4 (46.
Bd4 Rf1#) 46... Rf4 0-1